| 000 | 01255nam a2200241Ia 4500 | ||
|---|---|---|---|
| 003 | Ost | ||
| 005 | 20260507074851.0 | ||
| 008 | 260507s9999||||xx |||||||||||||| ||und|| | ||
| 020 | _a9773581411 | ||
| 040 | _cfsecg | ||
| 041 | _aara | ||
| 082 | _a332.4044 | ||
| 100 |
_aمائيير، كوهين _eمؤلف |
||
| 245 | 0 |
_aالنظم المالية والتمويلية / _c كوهين مائيير |
|
| 260 |
_aالقاهرة: _bدار الفجر للنشر و التوزيع, _c2007 |
||
| 300 |
_a575 صفحة؛ _bإيضاحات ؛ _c24 سم |
||
| 504 | _aبيبليوغرافيا: ص.575 | ||
| 520 | _aالاقراض المدفوعات والتجارة في الاخطار، النظام المالي وتكنولوجيا، الكفاءة الاستقرار والتدخل الحكومي، أسعار الفائدة أسعار الصرف وأسعار الأوراق المالية، فهم الوسطاء الماليين، ماهو البنك، صناعة الأعمال المصرفية، التسديدات والعملة الأجنبية، التأمين، خطط المعاشات والأموال التبادلية | ||
| 653 | _aالأوراق المالية | ||
| 653 | _aالبنوك | ||
| 653 | _aالتمويل | ||
| 942 | _cكتاب | ||
| 999 |
_c41575 _d41575 |
||